000 00511nam a2200193Ia 4500
005 20250508160831.0
008 008 250505s9999 xx 000 0 eng d
037 _aTextual
040 _aFEDL
_beng
_cFEDL
041 _aeng
_2eng
084 _a155.4, LOV
_qFEDL
100 _aLovell K.
245 0 _aIntroducation to human development
260 _aLondon, UK
_bMacmillan
_c1968
300 _a137p.
650 _aChild Psychology
942 _cTEXL
_h155.4, LOV
999 _c1366879
_d1366879